000 00758nam a2200241Ia 4500
003 OSt
005 20221005123445.0
006 a|||||r|||| 00| 0
007 ta
008 221004b |||||||| |||| 00| 0 eng d
024 _a63084
037 _cTextual
040 _aCRL
_cCRL
_beng
041 _2eng
_aeng
082 _aV231:5:M1, C2
100 _aBroughton Thomas Duer
_9581569
245 0 _aLetters written in a Maharatta Camp during the year 1809
_b Descriptive of the character manners domestic habits etc.
260 _c1892
490 _aConstable's oriental miscellany of original and selected publications; 4
650 _aHISTORY
942 _hV231:5:M1, C2
_cTEXL
_2cc
999 _c1047464
_d1047464